000 00589nam a2200205Ia 4500
003 GCL
008 140319s9999 xx 000 0 ara d
040 _aGCL /
_cGCL
082 0 4 _aق
_b932
_bح ر
100 1 _aحسين شوقى
245 1 0 _aرسائل فى الحضارة المصرية القديمة /
_cحسين شوقى
260 _a[S.N] :
_bحسين شوقى ،
_c1928
300 _a135 ص
490 _a
650 0 4 _aمصر القديمة
650 0 4 _aالحضارة الفرعونية
650 0 4 _aالرسائل
650 0 4 _aتاريخ ونقد
942 _2ddc
_cBK
999 _c58470
_d58470